FC 25 TOTW 12 - Statistics

General Stats
  • This quiz has been taken 8 times
  • The average score is 6 of 23
Answer Stats
rat pos club player % Correct
TOTW 90 CB Liverpool Virgil van Dijk
100%
TOTW 86 ST Atlético Madrid Julián Alvarez
71%
TOTW 85 ST Frankfurt Omar Marmoush
71%
TOTW 86 CM Al Hilal Sergej Milinković-Savić
43%
TOTW 85 ST Lyon Alexandre Lacazette
29%
TOTW 86 RB Manchester United Amad Diallo
29%
TOTW 84 LM Norwich Borja Sainz
29%
TOTW 83 CAM Bournemouth Justin Kluivert
29%
TOTW 83 LW Brentford Kevin Schade
29%
TOTW 85 CM LA Galaxy Riqui Puig
29%
TOTW 83 RM Bologna Dan Ndoye
14%
TOTW 83 RM Parma Dennis Man
14%
TOTW 83 CM PSV Eindhoven Guus Til
14%
TOTW 83 LW Hamburg Jean-Luc Dompé
14%
TOTW 86 LB Wolfsburg Joakim Mæhle
14%
TOTW 85 CB Atlético Femenino Lauren
14%
TOTW 83 CB Espanyol Leandro Cabrera
14%
TOTW 83 ST Deportivo Lucas Pérez
14%
TOTW 83 RW Rennes Ludovic Blas
14%
TOTW 83 GK Eyüpspor Berke Özer
0%
TOTW 84 ST Hoffenheim Frauen Erëleta Memeti
0%
TOTW 83 CM Celtic Luke McCowan
0%
TOTW 83 CM Chelsea Women Wieke Kaptein
0%
No matching quizzes found
Score Distribution
Percent of People with Each Score
Percentile by Number Answered
Your Score History
You have not taken this quiz